Văn hóa cổ Chămpa
Guardat en:
| Autor principal: | |
|---|---|
| Format: | Llibre |
| Idioma: | Undetermined |
| Publicat: |
H.
VHDT
2002
|
| Matèries: | |
| Etiquetes: |
Afegir etiqueta
Sense etiquetes, Sigues el primer a etiquetar aquest registre!
|
| Thư viện lưu trữ: | Trung tâm Học liệu Trường Đại học Cần Thơ |
|---|
| LEADER | 00493nam a2200193Ia 4500 | ||
|---|---|---|---|
| 001 | CTU_56836 | ||
| 008 | 210402s9999 xx 000 0 und d | ||
| 020 | |b 55000 | ||
| 082 | |a 398.209597 | ||
| 082 | |b D408 | ||
| 100 | |a Ngô Văn Doanh | ||
| 245 | 0 | |a Văn hóa cổ Chămpa | |
| 245 | 0 | |c Ngô Văn Doanh | |
| 260 | |a H. | ||
| 260 | |b VHDT | ||
| 260 | |c 2002 | ||
| 650 | |a champa,chams culture | ||
| 650 | |z civilization | ||
| 980 | |a Trung tâm Học liệu Trường Đại học Cần Thơ | ||